[Event "AUTO-OPEN-1533"]
[Site "http://www.queenalice.com/game.php?id=580264"]
[Date "2009.4.30"]
[Round "1"]
[White "mg23campos"]
[Black "waganso"]
[Result "1-0"]
[WhiteElo "1827"]
[BlackElo "1323"]

1. e4 b6 2. Nf3 Ba6 3. Bxa6 Nxa6 4. c3 e6 5. b4 c5 6. Ne5 Nh6 7. d3 g5 8. Na3
Bd6 9. Nec4 Bb8 10. Nb5 Qe7 11. h4 f6 12. hxg5 Nf7 13. g6 Ne5 14. Nxe5 Bxe5 15.
Qg4 Bxc3+ 16. Nxc3 cxb4 17. g7 Rg8 18. Rxh7 f5 19. Qg6+ Kd8 20. Bg5 Qxg5 21.
Qxg5+ Kc8 22. Rh8 Rxh8 23. gxh8=Q+ Kb7 24. Qd4 1-0

[Event "AUTO-OPEN-1533"]
[Site "http://www.queenalice.com/game.php?id=580265"]
[Date "2009.4.30"]
[Round "1"]
[White "waganso"]
[Black "mg23campos"]
[Result "1-0"]
[WhiteElo "1321"]
[BlackElo "1829"]

1. Nf3 Nc6 2. e4 e5 3. Bc4 h6 4. d4 Qe7 5. Nc3 exd4 6. Nxd4 Nf6 7. f3 g5 8. O-O
Qe5 9. Be3 Bd6 10. g3 h5 11. f4 Qe7 12. Nf5 Qf8 13. Nxd6+ cxd6 14. fxg5 Ng4 15.
Rxf7 Nxe3 16. Rxf8+ Kxf8 17. Qxd6+ Ke8 18. Bb5 a6 19. Bxc6 bxc6 20. Qe5+ Kd8 21.
Qxh8+ Kc7 22. g6 Bb7 23. Qe5+ d6 24. Qe7+ Kb6 25. Na4+ Kb5 26. Qxb7+ Kxa4 27.
Qxa8 Nxc2 28. Qxc6+ 1-0

[Event "AUTO-OPEN-1533"]
[Site "http://www.queenalice.com/game.php?id=580290"]
[Date "2009.4.30"]
[Round "1"]
[White "waganso"]
[Black "ammoreira"]
[Result "0-1"]
[WhiteElo "1349"]
[BlackElo "2094"]

1. Nf3 d5 2. d4 c6 3. Nc3 Nf6 4. Bf4 e6 5. e3 Bd6 6. g3 h6 7. h4 Bxf4 8. gxf4
Nbd7 9. Bd3 b6 10. b4 Qe7 11. a3 c5 12. dxc5 bxc5 13. bxc5 Nxc5 14. Bb5+ Bd7 15.
Bxd7+ Nfxd7 16. Ne5 Nxe5 17. fxe5 a6 18. f3 Nd7 19. e4 dxe4 20. fxe4 Nxe5 21.
Na4 O-O 22. h5 Qg5 23. Nb6 Qg3+ 24. Kf1 Ng4 25. Nc4 Qf2# 0-1

[Event "AUTO-OPEN-1533"]
[Site "http://www.queenalice.com/game.php?id=580291"]
[Date "2009.4.30"]
[Round "1"]
[White "ammoreira"]
[Black "waganso"]
[Result "1-0"]
[WhiteElo "2099"]
[BlackElo "1347"]

1. d4 d5 2. Nf3 Nf6 3. e3 e6 4. Bd3 c5 5. b3 Nc6 6. O-O Bd6 7. Bb2 O-O 8. Nbd2
e5 9. dxc5 e4 10. cxd6 exd3 11. cxd3 Qxd6 12. Re1 Bg4 13. h3 Bxf3 14. Nxf3 Nb4
15. a3 Nc6 16. Nd4 Nxd4 17. Bxd4 g6 18. Bxf6 Qxf6 19. Qf3 Qxf3 20. gxf3 f5 21.
Rac1 Rac8 22. e4 Rxc1 23. Rxc1 fxe4 24. fxe4 dxe4 25. dxe4 Rf3 26. Rc8+ Kg7 27.
Rc7+ Kh6 28. Rxb7 Rxh3 29. Kg2 Rc3 30. a4 a5 31. e5 Kg5 32. e6 Kf6 33. e7 Kf7
34. f3 g5 35. Kf2 h5 36. Rb5 Kxe7 37. Rxg5 h4 38. Rxa5 Rxb3 39. Rh5 Rb4 40. a5
Kd7 41. a6 Kc7 42. Rh7+ Kb6 43. Rb7+ Ka5 44. Rxb4 Kxb4 45. a7 h3 46. a8=Q h2 47.
f4 1-0

[Event "AUTO-OPEN-1533"]
[Site "http://www.queenalice.com/game.php?id=580292"]
[Date "2009.4.30"]
[Round "1"]
[White "waganso"]
[Black "Drifter"]
[Result "0-1"]
[WhiteElo "1291"]
[BlackElo "1715"]

1. Nf3 Nc6 2. e4 e5 3. d4 d5 4. dxe5 dxe4 5. Qxd8+ Kxd8 6. Ng5 Nxe5 7. Bf4 f6 8.
Bxe5 fxe5 9. Nf7+ Ke7 10. Nxh8 Bf5 11. Bc4 Nf6 12. f3 Be6 13. Bxe6 Kxe6 14. Nc3
e3 15. Nb5 Bb4+ 16. c3 Ba5 17. b4 Bb6 18. c4 a6 19. c5 axb5 20. cxb6 cxb6 21.
O-O Rxh8 22. Rfe1 Nd5 0-1

[Event "AUTO-OPEN-1533"]
[Site "http://www.queenalice.com/game.php?id=580293"]
[Date "2009.4.30"]
[Round "1"]
[White "Drifter"]
[Black "waganso"]
[Result "1-0"]
[WhiteElo "1717"]
[BlackElo "1289"]

1. e4 b6 2. Bc4 Nf6 3. Nc3 e6 4. d4 d5 5. exd5 exd5 6. Bd3 c5 7. Nf3 Bg4 8. Be3
Nc6 9. Bb5 Qd7 10. O-O a6 11. Be2 Bd6 12. Na4 Qc7 13. dxc5 Bxh2+ 14. Nxh2 Bxe2
15. Qxe2 bxc5 16. Nxc5 Ne5 17. Bd4 Nd7 18. Nxa6 Qd6 19. Nc5 Nxc5 20. Bxe5 1-0

[Event "AUTO-INT-1289"]
[Site "http://www.queenalice.com/game.php?id=580419"]
[Date "2009.4.30"]
[Round "1"]
[White "Givanildo"]
[Black "waganso"]
[Result "1-0"]
[WhiteElo "1443"]
[BlackElo "1314"]

1. e4 b6 2. Bc4 Nf6 3. d3 d5 4. exd5 Nxd5 5. Bxd5 Qxd5 6. f3 e5 7. c4 Qxd3 8.
Qxd3 Bc5 9. Qd5 Nd7 10. Qxa8 O-O 11. Qxa7 b5 12. Qxc7 bxc4 13. Nc3 f5 14. Nd5
1-0

[Event "AUTO-INT-1289"]
[Site "http://www.queenalice.com/game.php?id=580420"]
[Date "2009.4.30"]
[Round "1"]
[White "waganso"]
[Black "Givanildo"]
[Result "1-0"]
[WhiteElo "1303"]
[BlackElo "1404"]

1. Nf3 f6 2. e4 e5 3. d4 Bb4+ 4. Bd2 a5 5. Nc3 Nc6 6. Bc4 exd4 7. Nb5 Nge7 8. a3
Bxd2+ 9. Qxd2 d6 10. Nfxd4 Ng6 11. Ne6 Bxe6 12. Bxe6 Nge5 13. O-O Qe7 14. f3 a4
15. f4 Ng6 16. f5 Nge5 17. b3 g6 18. h3 gxf5 19. exf5 h6 20. Qe2 h5 21. g4 axb3
22. cxb3 hxg4 23. hxg4 Qg7 24. Rf4 Qh7 25. Qg2 Nd3 26. Re4 Kd8 27. g5 d5 28.
Bxd5 Qxf5 29. Re6 Nf4 30. Rf1 Nh3+ 31. Kh2 Nxg5+ 32. Kg1 Nh3+ 33. Kh2 Qh7 34.
Rf3 Nf4+ 35. Rh3 Nxh3 36. Qg3 Nf4+ 37. Kg1 Ne2+ 38. Rxe2 Qh1+ 39. Bxh1 Ne5 40.
Qg7 Re8 41. Nxc7 Nf3+ 42. Bxf3 Rxa3 43. Rxe8# 1-0

[Event "AUTO-INT-1289"]
[Site "http://www.queenalice.com/game.php?id=580433"]
[Date "2009.4.30"]
[Round "1"]
[White "QSL"]
[Black "waganso"]
[Result "1-0"]
[WhiteElo "1593"]
[BlackElo "1331"]

1. Nc3 c5 2. e4 Nc6 3. Nd5 e6 4. Qe2 Nd4 5. Qe3 Nxc2+ 6. Kd1 Nxe3+ 7. fxe3 exd5
8. exd5 Nf6 9. b3 d6 10. Bb5+ Bd7 11. Bxd7+ Qxd7 12. d4 cxd4 13. exd4 Qg4+ 14.
Ne2 Qxg2 15. Re1 Qxd5 16. Nf4+ Qe4 17. Rxe4+ Nxe4 18. Nd5 O-O-O 19. a4 Nf2+ 20.
Kd2 1-0

[Event "AUTO-INT-1289"]
[Site "http://www.queenalice.com/game.php?id=580434"]
[Date "2009.4.30"]
[Round "1"]
[White "waganso"]
[Black "QSL"]
[Result "0-1"]
[WhiteElo "1345"]
[BlackElo "1627"]

1. Nf3 Nf6 2. c4 c5 3. Nc3 Qc7 4. g3 Ng4 5. Nd5 Qc6 6. Bh3 h5 7. Bxg4 hxg4 8.
Ne5 Qd6 9. Nxg4 e6 10. Nde3 f5 11. Qc2 fxg4 12. Qg6+ Kd8 13. O-O Nc6 14. d3 Ne5
15. Qg5+ Be7 16. Qxg7 Nf3+ 17. Kg2 Rxh2# 0-1

[Event "AUTO-INT-1289"]
[Site "http://www.queenalice.com/game.php?id=580441"]
[Date "2009.4.30"]
[Round "1"]
[White "vice_Kiko"]
[Black "waganso"]
[Result "1-0"]
[WhiteElo "1777"]
[BlackElo "1351"]

1. e4 b6 2. Nf3 Ba6 3. Bxa6 Nxa6 4. d4 e6 5. O-O f5 6. exf5 exf5 7. Re1+ Be7 8.
Nc3 c5 9. Bg5 h6 10. Bxe7 Nxe7 11. d5 d6 12. Nh4 O-O 13. Re6 g5 14. Ng6 Nxg6 15.
Rxg6+ Kh7 16. Qh5 Qe8 17. Qxh6# 1-0

[Event "AUTO-INT-1289"]
[Site "http://www.queenalice.com/game.php?id=580442"]
[Date "2009.4.30"]
[Round "1"]
[White "waganso"]
[Black "vice_Kiko"]
[Result "0-1"]
[WhiteElo "1333"]
[BlackElo "1946"]

1. Nf3 d5 2. d4 Nf6 3. Nc3 e6 4. e3 c5 5. Bb5+ Nc6 6. O-O Bd7 7. dxc5 Bxc5 8. a3
Rc8 9. b4 Bd6 10. e4 Ne5 11. Bxd7+ Nexd7 12. Nb5 Ne5 13. Nxe5 Bxe5 14. exd5 Bxa1
15. dxe6 fxe6 16. Nd6+ Ke7 17. Nxc8+ Qxc8 18. Bf4 Bc3 19. Qd6+ Kf7 20. Be5 Bxe5
21. Qxe5 Qxc2 22. Re1 Re8 23. f4 g6 24. Re2 Qd1+ 25. Re1 Qg4 26. Qc7+ Re7 27.
Qd6 h5 28. g3 h4 0-1